Paesi più Vicini al Vietnam - Statistics

Statistiche generali
  • Questo quiz è stato fatto 4.723 volte
  • Il punteggio medio è 17 su 20
Statistiche sulle risposte
km Paese Miglia % Corretto
0 Cina 0
99%
725 India 451
96%
600 Indonesia 373
94%
0 Laos 0
94%
104 Thailandia 65
93%
0 Cambogia 0
92%
1558 Giappone 968
90%
126 Birmania 78
86%
390 Malesia 242
86%
985 Bangladesh 612
85%
1492 Nepal 927
85%
805 Singapore 500
85%
2221 Corea del Sud 1380
84%
945 Filippine 587
84%
2405 Corea del Nord 1495
83%
2026 Mongolia 1259
81%
1088 Taiwan 676
81%
1131 Bhutan 703
80%
2439 Sri Lanka 1515
75%
956 Brunei 594
74%
Nessun quiz corrispondente trovato
Distribuzione punteggi
Percentuale di utenti per punteggio
Percentile per numero di risposta
I tuoi punteggi nel tempo
Non hai fatto questo quiz